000 00649nam a2200193 4500
001 140597
003 ES-MaACL
005 20230906200118.0
007 t|
008 070214s1936 fr r ||||1| fre d
100 1 _aSeillière, Ernest.
_9105268
245 1 0 _aLeón Bloy
_b: psychologie d'un mystique /
_cErnest Seillière.
260 _aParis :
_bNouvelle Revue Critique,
_c1936.
300 _a264 p. ;
_c19 cm.
490 1 _aEssais critiques, artistiques, philosophiques et litteraires ;
_v47
830 0 _aEssais critiques, artistiques, philosophiques et litteraires ;
_v47
_9220342
852 _aES-MaACL
_jA-4401
999 _c140597
_d140597